FNAF World Characters - Statistics

General Stats
  • This quiz has been taken 45 times
  • The average score is 40 of 48
Answer Stats
Area Unlocked In Charachter % Correct
Starting Chica
100%
Starting Toy Freddy
100%
Starting Bonnie
96%
Starting Foxy
96%
Starting Freddy
96%
Starting Mangle
96%
Pinwheel Circus Springtrap
96%
Starting Toy Bonnie
96%
Starting Toy Chica
96%
Lilygear Lake Marionette
89%
Pinwheel Funhouse Nightmare
89%
Blacktomb Yard Nightmare Bonnie
89%
Blacktomb Yard Nightmare Chica
89%
Blacktomb Yard Nightmare Freddy
89%
Fazbear hills Phantom Freddy
89%
Choppy's woods Withered Bonnie
89%
Dusting Feilds Withered Chica
89%
Dusting Feilds Withered Foxy
89%
Dusting Feilds Withered Freddy
89%
Fazbear hills Balloon Boy
86%
Lilygear Lake Golden Freddy
86%
Blacktomb Yard Nightmare Foxy
86%
Pinwheel Funhouse Nightmare Fredbear
86%
Fazbear hills Phantom Chica
86%
Freddy In Space Jack O Bonnie
82%
Foxy Fighters Jack O Chica
82%
Choppy's woods Phantom Balloon Boy
82%
Choppy's woods Phantom Foxy
82%
Choppy's woods Phantom Mangle
82%
Lilygear Lake Phantom Marionette
82%
Dusting Feilds Shadow Freddy
82%
Deep Metal Mine Endo-01
79%
Deep Metal Mine Endo-02
79%
Fazbear hills JJ
79%
Foxy Fighters Nightmare Balloon Boy
79%
Deep Metal Mine Plushtrap
79%
Pinwheel Funhouse Spring Bonnie
79%
Chicas Magic Rainbow Chipper
75%
Freddy In Space Coffee
75%
Pinwheel Funhouse Fredbear
75%
Foxy.EXE Nightmarionne
75%
Freddy In Space Purpleguy
71%
Pinwheel Circus Funtime Foxy
68%
Chicas Magic Rainbow Animdude
64%
Pinwheel Circus Crying Child
64%
Deep Metal Mine Endoplush
61%
Lilygear Lake Paper Pals
61%
Pinwheel Circus RWQFSFASXC
57%
No matching quizzes found
Score Distribution
Percent of People with Each Score
Percentile by Number Answered
Your Score History
You have not taken this quiz